000 00498nam a2200193Ia 4500
005 20230911114936.0
008 131103s9999 xx 000 0 und d
020 _a6161952
040 _aLoreto College
041 _aEnglish
082 _aF
_bINN
100 _aInnes,Hammond
245 4 _aThe Last voyage
_b Captain Cook's Lost Diary
_cHammond Innes
260 _aGreat Britain
_bFontana/Collins
_c1978
300 _a239 p.
650 _aFiction in English
850 _aLCLIB
942 _cBK
999 _c15148
_d65627